Регионална библиотека "Любен Каравелов" - Русе

Ион (Запис номер 420464)

MARC детайли
000 -Лидер
Контролно поле с фиксирана дължина nam a22 a 4500
003 - Код на организацията, давaща контролен номер
Контролно поле BLK
005 - Дата и час на последна редакция
Контролно поле 20210618093833.0
008 - Елементи от данни с фиксирана дължина
fixed length control field 210618b bu |||||r|||| 00| 0 bu d
040 ## - Източник на каталожния запис
Идентификатор на билиотеката - собственик на записа BLK
041 ## - Код за език
Код за езика на текст/звукозапис или на отделно заглавие Български
Код за езика КДБФ Български
080 ## - УДК
Текстов определител УДК Класическа гръцка литература. Старогръцка литература
УДК код - определител по УДК 821.142
УДК определител -21
УДК - код + определител 821.142-21
100 ## - Редна дума - Автор
R(LIN) 1299
Автор Еврипид
Авторска отговорност първи автор
139 ## - Редно поле
Редна дума Еврипид
Авторски знак Еври - Е 20
245 ## - Сведения за заглавието
Заглавие Ион
Подзаглавни данни Трагедия - с бележки към текста
Редно поле (дума) Еврипид ; прев. Р. Г. Леваков
260 ## - Област на издателските данни
9 (RLIN) 432230
Място на издаване, разпространение и проч. Шумен
Име на издателя, разпространителя и проч. книж. П. Кънчев
Година на издаване 1914
Печатница (Шумен : Аргоети и сие)
300 ## - Физическа характеристика
Страници 96 с.
Размери/Мащаб 14 см
380 ## - Жанр
Жанр Худож. лит.
490 ## - СЕРИИ (Колекции)
9 (RLIN) 432231
Име на серия Популярна библиотека
№: серия N 3-4
500 ## - Общи забележки
Забележка Пълното име на прев. Радослав Г. Леваков
700 ## - Други автори (авторска отговорност)
9 (RLIN) 966
Лично име Леваков, Радослав Г.
Автороска отговорност (Описва отношението между автора и произведението) прев.
852 ## - Местоположение
Форматна сигнатура Цб 8.140.5687
Фондова буква Основен фонд - ползва се само за читалня
999 ## - СИСТЕМНИ КОНТРОЛНИ НОМЕРА
Koha biblionumber 420464
Koha biblioitemnumber 420464
942 ## - АРТИКУЛИ
Вид на библиотечния материал Книги
Скрит в OPAC Не
Периодичен библиозапис Да
944 ## - СЪЗДАВАНЕ И РЕДАКЦИЯ на ЗАПИСА
Създаване/Редакция Създаване
Дата на регистрацията/редакция 2021-06-18
Служител, извършил регистрацията/редакцията ВП
Наличности
Код за отписване Код за изгубен артикул Източник на класификационната схема Код за повреда Коз за рестрикции Код за отдаване Артикулен № Име на библиотеката - собственик Име на библиотеката, в която се намира в момента Статус (Текущо местоположение) Дата на вписване в системата Местоположение - отдел Цена в лева Инвентарен номер Систематично азбучна сигнатура Баркод Цена в евро Служебен тип на артикула
  Не е изгубен Universal Decimal Classification Не е повреден само за читалня ползва се в читалня 839724 Регионална библиотека "Любен Каравелов" Русе Регионална библиотека "Любен Каравелов" Русе Хранилище 2021-06-29 Основен фонд - ползва се само за читалня 0.08 5687 Цб 8.140.5687 900000065517 0.04 Книги
Vip Innovations Ltd, Rousse, Bulgaria 2025